Giáo trình kỹ thuật nuôi thuỷ sản nước ngọt

Tổng quan về nghề nuôi thủy sản nước ngọt, Đặc điểm sinh học và kỹ thuật nuôi các loài cá có giá trị kinh tế ở vùng Đồng bằng sông Cửu Long, kỹ thuật nuôi cá thâm canh, kỹ thuật nuôi thủy sản kết hợp;......

Πλήρης περιγραφή

Αποθηκεύτηκε σε:
Λεπτομέρειες βιβλιογραφικής εγγραφής
Κύριος συγγραφέας: Dương, Nhựt Long
Μορφή: Βιβλίο
Γλώσσα:Undetermined
Έκδοση: Cần Thơ Trường Đại học Cần Thơ 2004
Θέματα:
Ετικέτες: Προσθήκη ετικέτας
Δεν υπάρχουν, Καταχωρήστε ετικέτα πρώτοι!
Thư viện lưu trữ: Trung tâm Học liệu Trường Đại học Cần Thơ
LEADER 00909nam a2200193Ia 4500
001 CTU_63405
008 210402s9999 xx 000 0 und d
082 |a 639.31 
082 |b L431 
100 |a Dương, Nhựt Long 
245 0 |a Giáo trình kỹ thuật nuôi thuỷ sản nước ngọt 
245 0 |c Dương Nhựt Long 
260 |a Cần Thơ 
260 |b Trường Đại học Cần Thơ 
260 |c 2004 
520 |a Tổng quan về nghề nuôi thủy sản nước ngọt, Đặc điểm sinh học và kỹ thuật nuôi các loài cá có giá trị kinh tế ở vùng Đồng bằng sông Cửu Long, kỹ thuật nuôi cá thâm canh, kỹ thuật nuôi thủy sản kết hợp;... 
650 |a Fish culture,Freshwater fishes 
904 |i Mai Loan 
980 |a Trung tâm Học liệu Trường Đại học Cần Thơ